000 00457nam a2200193 i 4500
001 bg
100 1 _aMONEY, Steve A.
245 0 _aMicroprocessor data book /
_cS. A. Money.
260 _aNew York :
_bMcGraw-Hill,
_c1982.
650 9 _aMikroprocesor
650 9 _aMikrokomputery
020 _a0070427062
040 _cBPK
041 _apol
080 _a004
920 _a0-07-042706-2
942 _cKS
008 s pl f |000 0 pol
999 _c29339
_d29339
856 _uhttp://koha.tu.koszalin.pl/cgi-bin/koha/opac-detail.pl?biblionumber=29339
_yKatalog online BPK